| 000 | 00361nam a2200157Ia 4500 | ||
|---|---|---|---|
| 008 | 230917s9999||||xx |||||||||||||| ||und|| | ||
| 040 |
_e82565 _aMAIN |
||
| 041 | _aEnglish | ||
| 082 | _a550 R172E | ||
| 100 | _aTarbuck, Edward J | ||
| 245 | 0 | _aEarth science | |
| 250 | _a5th ed. | ||
| 260 |
_aColumbus _bMerrill _c1986 |
||
| 300 | _axii, 612 p. | ||
| 942 | _cBK | ||
| 999 |
_c60667 _d60667 |
||